000 00395nam a2200145Ia 4500
008 220217s9999||||xx |||||||||||||| ||und||
020 _a81-7758-353-3
082 _a621.381 3 LIO
100 _aLiao, Samuel, Y.
245 0 _aMicrowave devices and circuits
250 _a3rd
260 _aPearson education of asia
_bNew Delhi
_c2008
300 _b240
650 _aMICROWAVE ENGINEERING
999 _c177519
_d177519